10 častých chýb pri GDPR, ktorým sa treba vyhnúť

Firmy sa v posledných mesiacoch snažia zaviesť do praxe nariadenie o ochrane osobných údajov. Omyly a chyby , ktoré môžu nastať pri zavádzaní nariadenia.

Gespeichert in:
Bibliographische Detailangaben
1. Verfasser: Peško, Dušan
Format: Buchkapitel
Sprache:Slowakisch
Schlagworte:
Tags: Tag hinzufügen
Keine Tags, Fügen Sie das erste Tag hinzu!

MARC

LEADER 00000naa$a2200000$$$4500
001 0248250
005 20181015072516.9
041 0 |a slo 
044 |a SK 
245 1 0 |a 10 častých chýb pri GDPR, ktorým sa treba vyhnúť  |c Dušan Peško 
520 |a Firmy sa v posledných mesiacoch snažia zaviesť do praxe nariadenie o ochrane osobných údajov. Omyly a chyby , ktoré môžu nastať pri zavádzaní nariadenia. 
610 2 0 |a firmy 
610 2 0 |a ochrana údajov osobných 
610 2 0 |a smernice 
610 2 0 |a Európska únia 
610 2 0 |a podnikatelia 
100 1 |a Peško, Dušan